| 000 | 01109njm a22003017a 4500 | ||
|---|---|---|---|
| 005 | 20100922123340.0 | ||
| 007 | sd ammalaaahaa | ||
| 008 | 100913t xxu||||| |||| 00| 0 hin d | ||
| 028 |
_aMOCE 4024 _bODEON |
||
| 035 | _aGR-07816 | ||
| 040 |
_aSED _cSED |
||
| 100 |
_aBhosle, Asha _91184 |
||
| 245 |
_aPurab aur pachim / _cby Asha Bhosle ; music by Kalyanji Anandji ; lyrics by Indiwar _h[sound recording] : |
||
| 246 | _aपूरब और पछिम | ||
| 260 |
_aDum Dum India _bODEON _c1971 |
||
| 300 |
_a1 sound disc [Gramophone record] : _banalog, 33 1/3 rpm _c12.5 in. (LP) _fGramophone Record |
||
| 500 | _aBrief Record | ||
| 500 | _aRecord label :ODEON, Black | ||
| 505 | _aSide-1 (Twinkle twinkle little star) (Asha Bhosle) Side-2 (Om jai jagdish hare) (Mahendra Kapoor) | ||
| 600 |
_aBhosle, Asha _919992 |
||
| 650 |
_aHind Film songs _xExcerpts _zIndia _921058 |
||
| 650 | _921096 | ||
| 700 |
_921075 _aIndiwar |
||
| 700 |
_aKalyanji _921124 |
||
| 700 |
_aAnandji _921125 |
||
| 942 |
_2ddc _cGR |
||
| 999 |
_c47463 _d47463 |
||